00333pab a2200133 454500008004000000100001800040245005600058260000900114300001300123362001100136650001600147700001600163773002000179180718b2015 xxu||||| |||| 00| 0 eng d aMishra, Richa aBack in classrooms: The blended learning aftermath? c2015 ap.23-25. a12 Jan aCllassrooms aKotecha, K. aUniversity News